[Event "RF-2022-0-00520"]
[Site "LSS email"]
[Date "2022.08.23"]
[Round "?"]
[White "Devies, Stefaan"]
[Black "Koehler, Hans Christian"]
[Result "1-0"]
[WhiteElo "1145"]
[BlackElo "1198"]
[PlyCount "39"]
[EventDate "2021.09.22"]
[EventType "tourn (corr)"]
[EventRounds "6"]
[EventCountry "GER"]
[SourceTitle "Corr 2024"]
[Source "ChessBase"]
[SourceDate "2023.10.19"]
[SourceVersion "1"]
[SourceVersionDate "2023.10.19"]
[SourceQuality "1"]

1. d4 Nf6 2. Bf4 e6 3. h3 b6 4. Nf3 Bb7 5. e3 Be7 6. Bd3 0-0 7. Nbd2 c5 8. c3 cxd4 9. exd4 d5 10. Qc2 Nbd7 11. 0-0-0 h6 12. g4 a5 13. g5 hxg5 14. Nxg5 Ba6 15. Rdg1 Bxd3 16. Qxd3 Qc8 17. h4 Qa6 18. Qg3 Qb5 19. Nxe6 fxe6 20. Qxg7# 1-0

[Event "RF-2022-0-00520"]
[Site "LSS email"]
[Date "2022.08.05"]
[Round "?"]
[White "Devies, Stefaan"]
[Black "Rocek, Vladimir"]
[Result "0-1"]
[WhiteElo "1145"]
[BlackElo "1041"]
[PlyCount "70"]
[EventDate "2021.09.22"]
[EventType "tourn (corr)"]
[EventRounds "6"]
[EventCountry "GER"]
[SourceTitle "Corr 2024"]
[Source "ChessBase"]
[SourceDate "2023.10.19"]
[SourceVersion "1"]
[SourceVersionDate "2023.10.19"]
[SourceQuality "1"]

1. d4 Nf6 2. Nf3 d5 3. h3 g6 4. Bf4 Bg7 5. e3 Ne4 6. Bd3 Nd6 7. Nbd2 Nc6 8. c3 0-0 9. Qe2 Bf5 10. e4 dxe4 11. Nxe4 Bxe4 12. Bxe4 Nxe4 13. Qxe4 e6 14. 0-0-0 Qc8 15. Rhe1 Ne7 16. h4 Nd5 17. Bd2 c5 18. dxc5 Qxc5 19. Re2 b5 20. Ne5 Nf6 21. Qf3 a5 22. g4 Qc7 23. Qc6 Qxc6 24. Nxc6 Nxg4 25. Bf4 Bh6 26. Bxh6 Nxh6 27. Re5 b4 28. cxb4 axb4 29. Nxb4 Rfc8+ 30. Kb1 Rc4 31. Nd3 Rxh4 32. b4 Rd4 33. b5 Ra3 34. Re3 Ng4 35. Rf3 Ra5 0-1

[Event "RF-2021-0-00512"]
[Site "LSS email"]
[Date "2021.01.13"]
[Round "?"]
[White "Devies, Stefaan"]
[Black "Zmolil, Karel"]
[Result "1-0"]
[WhiteElo "1154"]
[BlackElo "1054"]
[PlyCount "117"]
[EventDate "2020.10.02"]
[EventType "tourn (corr)"]
[EventRounds "6"]
[EventCountry "GER"]
[SourceTitle "Corr 2022"]
[Source "ChessBase"]
[SourceDate "2021.10.24"]
[SourceVersion "1"]
[SourceVersionDate "2021.10.24"]
[SourceQuality "1"]

1. d4 d5 2. Bf4 Nf6 3. Nf3 g6 4. h3 Bg7 5. e3 0-0 6. Nbd2 Nbd7 7. c4 c6 8. Qc2 Re8 9. g4 Nf8 10. Ne5 Ne6 11. Bh2 Nd7 12. Ndf3 dxc4 13. Bxc4 Nxe5 14. Nxe5 f6 15. Nd3 Kf8 16. f4 Nc7 17. Qf2 Be6 18. b3 Bd5 19. Rg1 b5 20. Bxd5 Nxd5 21. Nc5 e6 22. Qd2 Kf7 23. e4 Ne7 24. b4 f5 25. e5 Nd5 26. Kf2 fxg4 27. hxg4 Rf8 28. Bg3 Qe7 29. Rh1 Rh8 30. a3 Qf8 31. Rh2 h6 32. Rf1 Ke7 33. Kg1 Qf7 34. Qd3 Rhf8 35. Ne4 Qg8 36. Rc2 Kd7 37. Rfc1 Ne7 38. a4 a6 39. axb5 axb5 40. Rxc6 Nxc6 41. Qxb5 Rfc8 42. Rxc6 Rxc6 43. Qb7+ Rc7 44. Nc5+ Ke8 45. Qxc7 Ra1+ 46. Kg2 Qf7 47. Qc8+ Ke7 48. Qd7+ Kf8 49. Qd8+ Qe8 50. Nxe6+ Kf7 51. Qxe8+ Kxe8 52. Nxg7+ Kf7 53. d5 Kxg7 54. d6 Kf7 55. f5 g5 56. e6+ Ke8 57. f6 Ra8 58. d7+ Kd8 59. Bd6 1-0

[Event "RF-2021-0-00512"]
[Site "LSS email"]
[Date "2021.01.13"]
[Round "?"]
[White "Wilshusen, Horst"]
[Black "Devies, Stefaan"]
[Result "1/2-1/2"]
[WhiteElo "1146"]
[BlackElo "1154"]
[PlyCount "76"]
[EventDate "2020.10.02"]
[EventType "tourn (corr)"]
[EventRounds "6"]
[EventCountry "GER"]
[SourceTitle "Corr 2022"]
[Source "ChessBase"]
[SourceDate "2021.10.24"]
[SourceVersion "1"]
[SourceVersionDate "2021.10.24"]
[SourceQuality "1"]

1. e4 c5 2. Nf3 g6 3. d4 cxd4 4. Qxd4 Nf6 5. e5 Nc6 6. Qa4 Nd5 7. Qe4 e6 8. Nc3 Nxc3 9. bxc3 Bg7 10. Bd3 d5 11. Qe2 0-0 12. 0-0 Qc7 13. Re1 f6 14. Ba3 Rf7 15. Bd6 Qd7 16. Rab1 Bf8 17. Bxf8 Rxf8 18. exf6 Rxf6 19. Ne5 Qc7 20. Ng4 Rf4 21. f3 a6 22. g3 Rf8 23. Kg2 Ne7 24. c4 Nf5 25. cxd5 exd5 26. Qd2 Bd7 27. Bxf5 Bxf5 28. Qxd5+ Kh8 29. Rxb7 Qxc2+ 30. Nf2 Qc3 31. Ree7 g5 32. g4 Bg6 33. Rbc7 Qb2 34. Qxg5 Rxf3 35. Qe5+ Qxe5 36. Rxe5 Raf8 37. Ne4 R3f4 38. Ng3 Rxg4 1/2-1/2

[Event "RF-2020-0-00501"]
[Site "LSS email"]
[Date "2020.01.29"]
[Round "?"]
[White "Devies, Stefaan"]
[Black "Raines, David T"]
[Result "0-1"]
[WhiteElo "1196"]
[BlackElo "1231"]
[PlyCount "44"]
[EventDate "2019.12.26"]
[EventType "tourn (corr)"]
[EventRounds "6"]
[EventCountry "GER"]
[SourceTitle "Corr 2022"]
[Source "ChessBase"]
[SourceDate "2021.10.24"]
[SourceVersion "1"]
[SourceVersionDate "2021.10.24"]
[SourceQuality "1"]

1. d4 d5 2. Nf3 Nf6 3. Bf4 e6 4. Nbd2 Bd6 5. Ne5 Nh5 6. g3 Nxf4 7. gxf4 f6 8. Nd3 Nc6 9. e3 Qe7 10. a3 Bd7 11. Nb3 0-0-0 12. Bh3 b6 13. Qe2 Kb7 14. f3 Rhe8 15. Kf2 e5 16. Bxd7 Qxd7 17. a4 a5 18. Nd2 exf4 19. Nf1 Nxd4 20. Qd2 fxe3+ 21. Nxe3 Qh3 22. Qd1 Qh4+ 0-1

[Event "RF-2020-0-00499"]
[Site "LSS email"]
[Date "2020.01.14"]
[Round "?"]
[White "Devies, Stefaan"]
[Black "Rocek, Vladimir"]
[Result "0-1"]
[WhiteElo "1196"]
[BlackElo "1092"]
[PlyCount "98"]
[EventDate "2019.12.11"]
[EventType "tourn (corr)"]
[EventRounds "6"]
[EventCountry "GER"]
[SourceTitle "Corr 2022"]
[Source "ChessBase"]
[SourceDate "2021.10.24"]
[SourceVersion "1"]
[SourceVersionDate "2021.10.24"]
[SourceQuality "1"]

1. d4 Nf6 2. Nf3 d5 3. Bf4 g6 4. c3 Bg7 5. h3 Bf5 6. e3 Nbd7 7. Nbd2 Ne4 8. Nxe4 Bxe4 9. Bd3 Nf6 10. Bxe4 Nxe4 11. Ne5 0-0 12. Qc2 Rc8 13. f3 Nf6 14. h4 Nh5 15. Bh2 f6 16. Nd3 Bh6 17. Qe2 b6 18. g4 Ng7 19. g5 fxg5 20. hxg5 Bxg5 21. Be5 Nh5 22. 0-0-0 Bf6 23. Rdg1 Ng7 24. Qh2 h5 25. Rxg6 Kf7 26. Qg2 Rg8 27. Rg1 Nf5 28. Bxf6 exf6 29. Nf4 c5 30. Nxd5 Rxg6 31. Qxg6+ Ke6 32. e4 Ne7 33. Nf4+ Kd7 34. Qf7 Qf8 35. Qxh5 cxd4 36. Qb5+ Kd6 37. Rd1 Qh6 38. Rxd4+ Kc7 39. Qd7+ Kb8 40. Qd6+ Ka8 41. Kc2 Nc6 42. Rd2 Qf8 43. Qd5 Kb8 44. Kb1 Rd8 45. Qxc6 Rxd2 46. Ne6 Qd6 47. Qe8+ Kb7 48. Qf7+ Qd7 49. Qxf6 Qd3+ 0-1

[Event "RF-2020-0-00498"]
[Site "LSS email"]
[Date "2020.01.13"]
[Round "?"]
[White "Devies, Stefaan"]
[Black "Raines, David T"]
[Result "0-1"]
[WhiteElo "1196"]
[BlackElo "1273"]
[PlyCount "58"]
[EventDate "2019.11.03"]
[EventType "tourn (corr)"]
[EventRounds "6"]
[EventCountry "GER"]
[SourceTitle "Corr 2022"]
[Source "ChessBase"]
[SourceDate "2021.10.24"]
[SourceVersion "1"]
[SourceVersionDate "2021.10.24"]
[SourceQuality "1"]

1. d4 d5 2. Bf4 e6 3. Nf3 Bd6 4. Ne5 f6 5. Nd3 Ne7 6. e3 0-0 7. Nd2 Nbc6 8. Bxd6 cxd6 9. c3 Qb6 10. Qc2 e5 11. dxe5 dxe5 12. Nb3 Bf5 13. Be2 Rac8 14. 0-0 d4 15. Qd2 Rfd8 16. Nbc5 Qc7 17. e4 Bd7 18. f4 b6 19. Nxd7 Qxd7 20. Rac1 Qe6 21. f5 Qxa2 22. c4 Qa5 23. Qc2 Nb4 24. Qb3 Nxd3 25. Bxd3 Qc5 26. Qa4 a5 27. Rb1 Nc6 28. Qb5 Nb4 29. Qxc5 Rxc5 0-1

[Event "RF-2020-0-00499"]
[Site "LSS email"]
[Date "2020.01.07"]
[Round "?"]
[White "Shim Ng Min, Francis"]
[Black "Devies, Stefaan"]
[Result "1-0"]
[WhiteElo "1167"]
[BlackElo "1196"]
[PlyCount "41"]
[EventDate "2019.12.11"]
[EventType "tourn (corr)"]
[EventRounds "6"]
[EventCountry "GER"]
[SourceTitle "Corr 2022"]
[Source "ChessBase"]
[SourceDate "2021.10.24"]
[SourceVersion "1"]
[SourceVersionDate "2021.10.24"]
[SourceQuality "1"]

1. e4 c5 2. Nf3 g6 3. Bc4 Bg7 4. 0-0 Nc6 5. c3 Na5 6. Be2 e5 7. d4 cxd4 8. cxd4 exd4 9. Nxd4 Nc6 10. Nxc6 bxc6 11. Nc3 d6 12. Be3 Ne7 13. Qd2 0-0 14. Rad1 d5 15. exd5 cxd5 16. Nxd5 Nxd5 17. Qxd5 Qxd5 18. Rxd5 Be6 19. Ra5 Rfe8 20. b3 Re7 21. Bf3 1-0

[Event "RF-2019-0-00498"]
[Site "LSS email"]
[Date "2019.12.28"]
[Round "?"]
[White "Shim Ng Min, Francis"]
[Black "Devies, Stefaan"]
[Result "1/2-1/2"]
[WhiteElo "1242"]
[BlackElo "1196"]
[PlyCount "48"]
[EventDate "2019.11.03"]
[EventType "tourn (corr)"]
[EventRounds "6"]
[EventCountry "GER"]
[SourceTitle "Corr 2022"]
[Source "ChessBase"]
[SourceDate "2021.10.24"]
[SourceVersion "1"]
[SourceVersionDate "2021.10.24"]
[SourceQuality "1"]

1. e4 c5 2. Nf3 g6 3. Bc4 Nc6 4. d4 cxd4 5. Nxd4 Na5 6. Be2 Nc6 7. Nxc6 bxc6 8. Qd4 Nf6 9. e5 Qa5+ 10. Nc3 Nd5 11. Bd2 Bg7 12. Nxd5 Qxd5 13. Qxd5 cxd5 14. f4 e6 15. c4 dxc4 16. Bxc4 Bb7 17. 0-0 Rc8 18. b3 0-0 19. Bb4 Rfd8 20. Rad1 Bf8 21. Ba5 Bc5+ 22. Kh1 Bb6 23. Bb4 Bc5 24. Ba5 Bb6 1/2-1/2

[Event "OP-2019-0-04845"]
[Site "LSS email"]
[Date "2019.09.17"]
[Round "?"]
[White "Devies, Stefaan"]
[Black "Konstantinov, Maxim"]
[Result "0-1"]
[WhiteElo "1185"]
[BlackElo "2403"]
[PlyCount "20"]
[EventDate "2019.09.08"]
[EventType "tourn (corr)"]
[EventRounds "4"]
[EventCountry "GER"]
[SourceTitle "Corr 2022"]
[Source "ChessBase"]
[SourceDate "2021.10.24"]
[SourceVersion "1"]
[SourceVersionDate "2021.10.24"]
[SourceQuality "1"]

1. d4 d6 2. e4 g6 3. c4 Bg7 4. Be3 c5 5. Nf3 Nf6 6. Nc3 Ng4 7. Bc1 cxd4 8. Nxd4 Qb6 9. Nce2 Nc6 10. Be3 Qxb2 0-1

[Event "IECC CL0-2019.00 email"]
[Site "IECC email"]
[Date "2019.08.27"]
[Round "?"]
[White "Neumann, Otto"]
[Black "Devies, Stefaan"]
[Result "0-1"]
[WhiteElo "865"]
[BlackElo "1218"]
[PlyCount "40"]
[EventDate "2019.07.13"]
[EventType "tourn (corr)"]
[EventRounds "4"]
[SourceTitle "Corr 2022"]
[Source "ChessBase"]
[SourceDate "2021.10.24"]
[SourceVersion "1"]
[SourceVersionDate "2021.10.24"]
[SourceQuality "1"]

1. e4 c5 2. Nc3 g6 3. Bc4 Bg7 4. d3 Nc6 5. Be3 b6 6. Nge2 Bb7 7. Nf4 Nf6 8. a3 e6 9. Nb5 d5 10. exd5 exd5 11. Bxd5 Nxd5 12. Nxd5 0-0 13. Nbc3 Bxc3+ 14. Nxc3 Re8 15. 0-0 Nd4 16. Rc1 Qd7 17. Ne2 Bf3 18. gxf3 Nxf3+ 19. Kh1 Qh3 20. Bf4 Nh4 0-1

[Event "IECC CL0-2019.00 email"]
[Site "IECC email"]
[Date "2019.08.27"]
[Round "?"]
[White "Slavin, Pablo"]
[Black "Devies, Stefaan"]
[Result "1/2-1/2"]
[WhiteElo "1144"]
[BlackElo "1218"]
[PlyCount "80"]
[EventDate "2019.07.13"]
[EventType "tourn (corr)"]
[EventRounds "4"]
[SourceTitle "Corr 2022"]
[Source "ChessBase"]
[SourceDate "2021.10.24"]
[SourceVersion "1"]
[SourceVersionDate "2021.10.24"]
[SourceQuality "1"]

1. e4 c5 2. Nf3 g6 3. Nc3 Bg7 4. Bc4 Nc6 5. 0-0 e6 6. Re1 Nge7 7. e5 d5 8. exd6 Qxd6 9. Ne4 Qc7 10. Nxc5 a6 11. d3 b6 12. Ne4 Bb7 13. c3 0-0 14. Bg5 Kh8 15. Bf6 Rad8 16. Qd2 Rd7 17. Bxg7+ Kxg7 18. Qg5 Ng8 19. d4 Nce7 20. Bb3 Nf5 21. Ng3 Nxg3 22. Qxg3 Qxg3 23. hxg3 Nf6 24. Ne5 Rd6 25. Rad1 b5 26. Nd3 Nd5 27. Nc5 Bc8 28. a3 Re8 29. Re5 h5 30. Rde1 Nf6 31. Ne4 Nxe4 32. R5xe4 Bb7 33. Re5 Bc8 34. d5 Kf6 35. dxe6 Bxe6 36. Bxe6 Rexe6 37. Rxe6+ Rxe6 38. Kf1 Re5 39. Rd1 Ke6 40. f3 Rd5 1/2-1/2

[Event "RF-2019-0-00486"]
[Site "LSS email"]
[Date "2019.08.20"]
[Round "?"]
[White "Devies, Stefaan"]
[Black "Stadler, Pavel"]
[Result "0-1"]
[WhiteElo "1218"]
[BlackElo "1204"]
[PlyCount "34"]
[EventDate "2019.07.22"]
[EventType "tourn (corr)"]
[EventRounds "6"]
[EventCountry "GER"]
[SourceTitle "Corr 2022"]
[Source "ChessBase"]
[SourceDate "2021.10.24"]
[SourceVersion "1"]
[SourceVersionDate "2021.10.24"]
[SourceQuality "1"]

1. d4 d5 2. Bf4 Nf6 3. h3 g6 4. Nf3 Bg7 5. c3 0-0 6. e3 Nbd7 7. Nbd2 c5 8. Be2 b6 9. a4 Bb7 10. 0-0 Ne4 11. Bb5 Ndf6 12. Ng5 Nxg5 13. Bxg5 c4 14. Re1 a6 15. Bxc4 dxc4 16. Nxc4 Qd5 17. Bxf6 Qxg2# 0-1

[Event "OP-2018-0-04507"]
[Site "LSS email"]
[Date "2018.01.12"]
[Round "?"]
[White "Devies, Stefaan"]
[Black "Firnhaber, Ingo"]
[Result "0-1"]
[WhiteElo "1178"]
[BlackElo "2395"]
[PlyCount "50"]
[EventDate "2018.01.03"]
[EventType "tourn (corr)"]
[EventRounds "4"]
[EventCountry "GER"]
[SourceTitle "Corr 2022"]
[Source "ChessBase"]
[SourceDate "2021.10.24"]
[SourceVersion "1"]
[SourceVersionDate "2021.10.24"]
[SourceQuality "1"]

1. Nf3 f5 2. d4 Nf6 3. Bf4 g6 4. e3 Bg7 5. c3 0-0 6. Nbd2 Nc6 7. Bd3 d6 8. Qc2 Qe8 9. Bg5 e5 10. dxe5 dxe5 11. Bc4+ Kh8 12. Bxf6 Bxf6 13. e4 Bd7 14. Rd1 Na5 15. 0-0 f4 16. Be2 b6 17. Nc4 Nxc4 18. Bxc4 g5 19. h3 g4 20. hxg4 Bxg4 21. Rd3 b5 22. Bb3 Qg6 23. Nd2 c5 24. c4 b4 25. a3 Rg8 0-1

[Event "IECC CL0-2017.00 email"]
[Site "IECC email"]
[Date "2017.11.30"]
[Round "?"]
[White "Chura, Michal"]
[Black "Devies, Stefaan"]
[Result "1-0"]
[WhiteElo "1149"]
[BlackElo "1206"]
[PlyCount "33"]
[EventDate "2017.11.09"]
[EventType "tourn (corr)"]
[EventRounds "4"]
[SourceTitle "Corr 2022"]
[Source "ChessBase"]
[SourceDate "2021.10.24"]
[SourceVersion "1"]
[SourceVersionDate "2021.10.24"]
[SourceQuality "1"]

1. f4 Nf6 2. Nf3 g6 3. b3 Bg7 4. Bb2 0-0 5. e3 d6 6. Be2 c5 7. 0-0 Bf5 8. Nh4 Bd7 9. d3 Ng4 10. Bxg7 Nxe3 11. Qc1 Nxf1 12. Bxf8 Qxf8 13. Kxf1 Qg7 14. Nd2 Qf6 15. Nhf3 Qxf4 16. Ne4 Qxh2 17. Nxh2 1-0

[Event "IECC CL0-2017.00 email"]
[Site "IECC email"]
[Date "2017.11.30"]
[Round "?"]
[White "Salazar Moran, Alejandro Fortunato"]
[Black "Devies, Stefaan"]
[Result "1-0"]
[WhiteElo "1290"]
[BlackElo "1206"]
[PlyCount "37"]
[EventDate "2017.11.09"]
[EventType "tourn (corr)"]
[EventRounds "4"]
[SourceTitle "Corr 2022"]
[Source "ChessBase"]
[SourceDate "2021.10.24"]
[SourceVersion "1"]
[SourceVersionDate "2021.10.24"]
[SourceQuality "1"]

1. e4 c5 2. Nc3 g6 3. Nf3 Bg7 4. d4 cxd4 5. Nxd4 a6 6. Be3 Nc6 7. Nd5 Be5 8. Nf3 Bc7 9. Bc4 Nf6 10. Nxf6+ exf6 11. Qd5 Qe7 12. 0-0-0 b5 13. Bb3 Bb7 14. Qxf7+ Qxf7 15. Bxf7+ Ke7 16. Bd5 Rab8 17. Kb1 Rhd8 18. Rhe1 Nb4 19. Bc5+ 1-0

[Event "IECC CL0-2017.00 email"]
[Site "IECC email"]
[Date "2017.10.28"]
[Round "?"]
[White "Raines, David T"]
[Black "Devies, Stefaan"]
[Result "1-0"]
[WhiteElo "1242"]
[BlackElo "1205"]
[PlyCount "49"]
[EventDate "2017.09.24"]
[EventType "tourn (corr)"]
[EventRounds "4"]
[SourceTitle "Corr 2022"]
[Source "ChessBase"]
[SourceDate "2021.10.24"]
[SourceVersion "1"]
[SourceVersionDate "2021.10.24"]
[SourceQuality "1"]

1. d4 Nf6 2. Bf4 g6 3. e3 d6 4. Nc3 Bg7 5. Be2 0-0 6. h4 h5 7. e4 e6 8. Qd2 a6 9. 0-0-0 b5 10. Bf3 d5 11. e5 Ne8 12. Nh3 Nc6 13. g4 f6 14. exf6 Nxf6 15. gxh5 Nxd4 16. Qxd4 Nxh5 17. Qd2 Nxf4 18. Nxf4 Bh6 19. Nce2 Qd6 20. Qd3 Bxf4+ 21. Kb1 Kf7 22. Rdg1 Rg8 23. Rxg6 Bd7 24. Rhg1 Raf8 25. Rxg8 1-0

[Event "IECC CL0-2017.00 email"]
[Site "IECC email"]
[Date "2017.07.04"]
[Round "?"]
[White "D'Emilia, Jack"]
[Black "Devies, Stefaan"]
[Result "1/2-1/2"]
[WhiteElo "859"]
[BlackElo "1151"]
[PlyCount "93"]
[EventDate "2017.06.06"]
[EventType "tourn (corr)"]
[EventRounds "4"]
[SourceTitle "Corr 2022"]
[Source "ChessBase"]
[SourceDate "2021.10.24"]
[SourceVersion "1"]
[SourceVersionDate "2021.10.24"]
[SourceQuality "1"]

1. d4 d5 2. e4 c6 3. Nc3 dxe4 4. f3 exf3 5. Nxf3 e6 6. Bd3 Nf6 7. 0-0 Be7 8. Bg5 0-0 9. Bh4 h6 10. Ne4 Nbd7 11. Ne5 Nxe5 12. dxe5 Qd4+ 13. Kh1 Qxe5 14. Nxf6+ Bxf6 15. Bxf6 gxf6 16. Qg4+ Kh8 17. Qh4 Qg5 18. Qxg5 fxg5 19. Rf6 b6 20. Rxh6+ Kg7 21. Rh7+ Kg8 22. Rf1 f5 23. Rh5 g4 24. h3 gxh3 25. Rxh3 Bd7 26. Rf4 Kf7 27. Rh7+ Ke8 28. Rd4 Rd8 29. Be2 Rf6 30. Bh5+ Kf8 31. Rdxd7 Rxd7 32. Rxd7 Rh6 33. Rxa7 Rxh5+ 34. Kg1 f4 35. Ra6 Rb5 36. b3 Ke7 37. c4 Ra5 38. Rxb6 Rxa2 39. Rxc6 e5 40. b4 e4 41. b5 Ra1+ 42. Kf2 e3+ 43. Ke2 Ra2+ 44. Kf1 Ra1+ 45. Ke2 Ra2+ 46. Kf1 Ra1+ 47. Ke2 1/2-1/2

[Event "IECC CL0-2017.00 email"]
[Site "IECC email"]
[Date "2017.07.04"]
[Round "?"]
[White "Devies, Stefaan"]
[Black "Raines, David T"]
[Result "0-1"]
[WhiteElo "1151"]
[BlackElo "1294"]
[PlyCount "62"]
[EventDate "2017.06.06"]
[EventType "tourn (corr)"]
[EventRounds "4"]
[SourceTitle "Corr 2022"]
[Source "ChessBase"]
[SourceDate "2021.10.24"]
[SourceVersion "1"]
[SourceVersionDate "2021.10.24"]
[SourceQuality "1"]

1. e4 c5 2. Nf3 d6 3. Bb5+ Bd7 4. Bxd7+ Nxd7 5. 0-0 Ngf6 6. d3 g6 7. Ng5 Bg7 8. Nd2 0-0 9. f4 b5 10. c3 a5 11. a4 b4 12. h4 h6 13. Nh3 h5 14. Ng5 Ng4 15. Ndf3 bxc3 16. bxc3 Bxc3 17. Ra2 Bg7 18. Qd2 Rb8 19. Bb2 Bxb2 20. Rxb2 Rb4 21. Ra1 Qb6 22. Rxb4 cxb4+ 23. d4 Ndf6 24. Re1 d5 25. Ne5 Nxe5 26. fxe5 Nxe4 27. Nxe4 dxe4 28. Rxe4 b3 29. Re2 Rd8 30. Re1 Rxd4 31. Qe3 Qb4 0-1

[Event "SN-2017-0-00860"]
[Site "LSS email"]
[Date "2017.06.18"]
[Round "?"]
[White "Pauk, Jozef"]
[Black "Devies, Stefaan"]
[Result "0-1"]
[WhiteElo "751"]
[BlackElo "1151"]
[PlyCount "64"]
[EventDate "2017.06.06"]
[EventType "tourn (corr)"]
[EventRounds "6"]
[EventCountry "GER"]
[SourceTitle "Corr 2022"]
[Source "ChessBase"]
[SourceDate "2021.10.24"]
[SourceVersion "1"]
[SourceVersionDate "2021.10.24"]
[SourceQuality "1"]

1. e4 c5 2. d4 cxd4 3. Qxd4 Nc6 4. Qc3 d6 5. Bb5 Bd7 6. Be3 Nf6 7. Na3 Nxe4 8. Qc4 Nf6 9. Nf3 e6 10. Nd4 Rc8 11. c3 a6 12. Bxc6 Bxc6 13. Nxc6 Rxc6 14. Qd4 e5 15. Qd3 Be7 16. Nc4 0-0 17. 0-0-0 b5 18. Nd2 d5 19. b4 Bxb4 20. Nb1 Qa5 21. Bd2 Qxa2 22. Qg3 Re8 23. Rhe1 Ne4 24. Qd3 Nc5 25. Qc2 Nb3+ 26. Qxb3 Qxb3 27. Re3 d4 28. Rd3 a5 29. Re1 f6 30. Rg3 Rd8 31. Bh6 d3 32. Rxg7+ Kh8 0-1

[Event "RF-2017-0-00379"]
[Site "LSS email"]
[Date "2017.04.25"]
[Round "?"]
[White "Devies, Stefaan"]
[Black "Shim Ng Min, Francis"]
[Result "1-0"]
[WhiteElo "1200"]
[BlackElo "1275"]
[PlyCount "63"]
[EventDate "2017.04.11"]
[EventType "tourn (corr)"]
[EventRounds "6"]
[EventCountry "GER"]
[SourceTitle "Corr 2022"]
[Source "ChessBase"]
[SourceDate "2021.10.24"]
[SourceVersion "1"]
[SourceVersionDate "2021.10.24"]
[SourceQuality "1"]

1. e4 c5 2. Nf3 d6 3. Bc4 e6 4. Nc3 Nf6 5. 0-0 Be7 6. d4 cxd4 7. Qxd4 0-0 8. Bg5 Nc6 9. Qd2 a6 10. a4 Qc7 11. Rfe1 Rd8 12. b3 b6 13. h3 Bb7 14. Rad1 Rac8 15. Qe3 Na5 16. Rd3 Nxc4 17. bxc4 Qc5 18. Qxc5 Rxc5 19. Rb1 Rxc4 20. Rxb6 Rc7 21. Bf4 e5 22. Bg5 Nxe4 23. Bxe7 Rxe7 24. Rxb7 Rxb7 25. Nxe4 d5 26. Nxe5 Rb1+ 27. Kh2 Re1 28. Nc6 Ra8 29. Nc3 Kf8 30. Nxd5 Re2 31. Nd4 Rxf2 32. Kg1 1-0

[Event "RF-2017-0-00379"]
[Site "LSS email"]
[Date "2017.04.25"]
[Round "?"]
[White "Lauer, Frederic"]
[Black "Devies, Stefaan"]
[Result "1-0"]
[WhiteElo "1112"]
[BlackElo "1200"]
[PlyCount "68"]
[EventDate "2017.04.11"]
[EventType "tourn (corr)"]
[EventRounds "6"]
[EventCountry "GER"]
[SourceTitle "Corr 2022"]
[Source "ChessBase"]
[SourceDate "2021.10.24"]
[SourceVersion "1"]
[SourceVersionDate "2021.10.24"]
[SourceQuality "1"]

1. e4 c5 2. Nf3 g6 3. d4 cxd4 4. Qxd4 Nf6 5. e5 Nc6 6. Qf4 Nd5 7. Qe4 Nb6 8. Nc3 d5 9. exd6 Bf5 10. Qh4 Qxd6 11. Be3 Nd5 12. Nxd5 Qxd5 13. Bc4 Qa5+ 14. c3 Bg7 15. 0-0 Rc8 16. Bb3 0-0 17. Bh6 e6 18. Ng5 f6 19. Nxe6 Bxe6 20. Bxe6+ Kh8 21. Bxg7+ Kxg7 22. Bxc8 Rxc8 23. Qg4 Rd8 24. Rfd1 Ne5 25. Qe4 Nc6 26. Rxd8 Qxd8 27. Re1 f5 28. Qe6 Qd2 29. Qe2 Qxe2 30. Rxe2 Kf7 31. f3 Kf6 32. Kf2 Ne5 33. b3 a6 34. h3 Ke6 1-0

[Event "OP-2017-0-04330"]
[Site "LSS email"]
[Date "2017.04.18"]
[Round "?"]
[White "Devies, Stefaan"]
[Black "D'Emilia, Jack"]
[Result "1-0"]
[WhiteElo "1189"]
[BlackElo "946"]
[PlyCount "103"]
[EventDate "2017.04.12"]
[EventType "tourn (corr)"]
[EventRounds "4"]
[EventCountry "GER"]
[SourceTitle "Corr 2022"]
[Source "ChessBase"]
[SourceDate "2021.10.24"]
[SourceVersion "1"]
[SourceVersionDate "2021.10.24"]
[SourceQuality "1"]

1. e4 d6 2. d4 Nf6 3. Nc3 e6 4. Bc4 d5 5. exd5 exd5 6. Bb3 Bb4 7. Bd2 0-0 8. Nf3 Re8+ 9. Be3 Ng4 10. Qe2 Nxe3 11. fxe3 Bg4 12. 0-0 Bxc3 13. bxc3 Be6 14. Rab1 c6 15. Rfe1 Na6 16. c4 dxc4 17. Bxc4 Bxc4 18. Qxc4 Qd5 19. Qxd5 cxd5 20. Rb5 b6 21. Rxd5 Nb4 22. Re5 Nxc2 23. Re2 Rxe5 24. Nxe5 Re8 25. Rxc2 h6 26. Rc7 a5 27. Kf2 Re6 28. Rxf7 Rxe5 29. Rf8+ Kxf8 30. dxe5 Ke7 31. Kf3 Ke6 32. Ke4 b5 33. Kd4 g5 34. g4 a4 35. Kc5 Kxe5 36. Kxb5 Ke4 37. Kxa4 Kxe3 38. Kb5 Kf4 39. a4 Kxg4 40. a5 Kh3 41. a6 g4 42. a7 Kxh2 43. a8Q h5 44. Qh8 g3 45. Qxh5+ Kg2 46. Kc4 Kg1 47. Qd1+ Kh2 48. Kd3 g2 49. Qh5+ Kg1 50. Ke3 Kf1 51. Qh3 Kg1 52. Kf3 1-0

[Event "OP-2017-0-04330"]
[Site "LSS email"]
[Date "2017.04.18"]
[Round "?"]
[White "Henry, Derek"]
[Black "Devies, Stefaan"]
[Result "1-0"]
[WhiteElo "2266"]
[BlackElo "1189"]
[PlyCount "57"]
[EventDate "2017.04.12"]
[EventType "tourn (corr)"]
[EventRounds "4"]
[EventCountry "GER"]
[SourceTitle "Corr 2022"]
[Source "ChessBase"]
[SourceDate "2021.10.24"]
[SourceVersion "1"]
[SourceVersionDate "2021.10.24"]
[SourceQuality "1"]

1. e4 c5 2. Nf3 g6 3. c4 Bg7 4. d4 cxd4 5. Nxd4 Nc6 6. Be3 Nf6 7. Nc3 a6 8. Be2 0-0 9. 0-0 d6 10. Rc1 Bd7 11. Nxc6 Bxc6 12. f3 Rc8 13. b4 b6 14. Qd2 Kh8 15. e5 dxe5 16. Qxd8 Rfxd8 17. Bxb6 Rd7 18. Be3 Rdc7 19. a4 Nd7 20. c5 f5 21. Bxa6 Ra8 22. Nb5 Bxb5 23. axb5 Nb8 24. b6 Rc6 25. b5 Rf6 26. c6 Nxa6 27. bxa6 Rxa6 28. b7 Rf8 29. c7 1-0